| 000 | 00762nas a2200253 i 4500 | ||
|---|---|---|---|
| 001 | 2563 | ||
| 003 | ES-MaACL | ||
| 005 | 20250814062559.0 | ||
| 007 | t| | ||
| 008 | 950801d19121947xxu | | 1 ||ng d | ||
| 022 | _a9967-8756 | ||
| 245 | 0 | 0 | _aYear book of the Carnegie Endowment for International Peace. |
| 260 |
_aWashington : _bCarnegie Endowment for International Peace, _c1912-1947. |
||
| 300 |
_a2 v. ; _c27 cm. |
||
| 310 | _aAnual | ||
| 362 | 0 | _a1911-1947. | |
| 650 | 4 |
_aInstituciones cientĂficas y diversas _913829 |
|
| 650 | 7 |
_aPolĂtica _2embne _9140345 |
|
| 650 | 0 | 4 |
_aPaz. _915898 |
| 710 | 2 |
_aCarnegie Endowment for International Peace (Washington) _92448 |
|
| 852 |
_aES-MaACL _jG-1128-29 |
||
| 866 | 0 | _o1911,1913-14. | |
| 999 |
_c2563 _d2563 |
||